000 00574nam a2200193Ia 4500
005 20250508151139.0
008 008 250505s9999 xx 000 0 eng d
037 _aTextual
040 _aFEDL
_beng
_cFEDL
041 _aeng
_2eng
084 _a370.9457, RAH
_qFEDL
100 _aRahman Fazlur
245 0 _aNew education in the making in Pakistan : Its ideology and basic problems
260 _aLondon, UK
_bCassell and Company Ltd.
_c1953
300 _aix,165p.
650 _aEducation
942 _cTEXL
_h370.9457, RAH
999 _c1327881
_d1327881